000 00698cam a22002533a 4500
001 31995
003 PGUSA
005 20140828083707.0
008 100415s2010||||xxu|||||s|||||000 1 eng d
040 _aPGUSA
_beng
042 _adc
050 4 _aPS
100 1 _aMyers, Howard L.,
_d1930-1971
245 1 4 _aThe Reluctant Weapon
_h[electronic resource] /
_cHoward L. Myers
260 _bProject Gutenberg,
_c2010
506 _aPublic domain in the USA.
516 _aElectronic text
653 _aShort stories
653 _aScience fiction
700 1 _aEmshwiller, Ed,
_d1925-1990
830 0 _aProject Gutenberg
_v31995
856 4 0 _uhttp://www.gutenberg.org/ebooks/31995
942 _cEB
999 _c261250
_d261250